000 00437nam a2200169Ia 4500
008 230711s9999||||xx |||||||||||||| ||und||
020 _a978-81-224-2282-5
041 _aENG
082 _a621.31042
_bUP-D
100 _aUpadhyay,K.G
245 0 _aDesign of electrical machines
250 _a1st Ed.
260 _c2013
_aNew Delhi
_bNew Age International Publishers
300 _a440p.
650 _aElectrical Engineering
942 _cBK
999 _c6275
_d6275